Normal view
MARC view
- Gopalakrishnan, P ,Banerji, A.K
Entry Personal Name
001 - CONTROL NUMBER
- control field: 56226
003 - CONTROL NUMBER IDENTIFIER
- control field: NUST
005 - DATE AND TIME OF LATEST TRANSACTION
- control field: 20210628201647.0
008 - FIXED-LENGTH DATA ELEMENTS
- fixed length control field: 210628|| aca||aabn | a|a d
040 ## - CATALOGING SOURCE
- Original cataloging agency: NUST
- Transcribing agency: NUST
100 ## - HEADING--PERSONAL NAME
- Personal name: Gopalakrishnan, P ,Banerji, A.K
670 ## - SOURCE DATA FOUND
- Source citation: Work cat.: (NUST): Gopalakrishnan, P ,Banerji, A.K, Maintenance and spare parts management, 2002
